American History Chapter 10 Review Quiz Stats

 Plays Quiz not verified by Sporcle

Challenge
Share
Tweet
Embed
Score 0/16 Timer 10:00
0 Plays Today
% Correct
South Carolina
85.7%
Andrew Jackson
80.5%
Cede
72.7%
Interstate Commerce
71.4%
James Monroe
71.4%
Sequoyah
68.8%
Charter
67.5%
John Quincy Adams
64.9%
% Correct
Father Miguel Hidalgo
64.9%
Cherokees
64.9%
Seminoles
64.9%
Treaty of Dancing Rabbit Creek
61%
Georgia
61%
Dumping
55.8%
Talism
48.1%
Election of Martin Van Buren
35.1%

You're not logged in!

Compare scores with friends on all Sporcle quizzes.
OR
Log In

You Might Also Like...

Show Comments

Extras

Top Quizzes Today


Score Distribution

Your Account Isn't Verified!

In order to create a playlist on Sporcle, you need to verify the email address you used during registration. Go to your Sporcle Settings to finish the process.

Report this User

Report this user for behavior that violates our Community Guidelines.

Details: